| 000 | 00845nam a22002657a 4500 | ||
|---|---|---|---|
| 001 | 7937 | ||
| 003 | FISKH | ||
| 005 | 20250814104938.0 | ||
| 008 | 250814b cb ||||| |||| 00| 0 eng d | ||
| 020 | _a9780736846721 | ||
| 040 |
_aFISKH _beng _cFISKH _dFISKH |
||
| 050 | _aHD8039.S257 L4 | ||
| 082 | _a 628.4 | ||
| 100 | _aLeboutillier, Nate | ||
| 245 |
_aA day in the life of a garbage collector / _cby Nate Leboutillier |
||
| 260 |
_aMinnesota : _bCapstone Press, _c2005. |
||
| 300 |
_a24 pages : _bcolor illustrations ; _c21 cm |
||
| 505 | _aL | ||
| 520 | _aFollows a garbage collector through his day and describes his occupation and what his job requires of him. | ||
| 521 | 8 |
_a520
_bLexile |
|
| 521 | 8 |
_aL
_bRaz-Plus |
|
| 650 |
_aCommunity Helpers _vOccupations _xInformational |
||
| 942 |
_2ddc _cBK _n0 |
||
| 999 |
_c7937 _d7937 |
||